| 000 | 00546nam a2200193Ia 4500 | ||
|---|---|---|---|
| 999 |
_c1806 _d1806 |
||
| 003 | OSt | ||
| 005 | 20200922125516.0 | ||
| 008 | 190216s9999||||xx |||||||||||||| ||und|| | ||
| 020 | _a9788173198793 | ||
| 040 | _coclc | ||
| 082 |
_a580.12 _bBHA/S |
||
| 100 |
_aBhattacharyya, Bharati _94798 |
||
| 245 | 0 |
_aSystematic Botany / _cBharati Bhattacharyya |
|
| 250 | _a2nd Ed. | ||
| 260 |
_bNarosa Publishing House, _c2009. _aNew Delhi: |
||
| 300 | _a495p | ||
| 650 | _aBotany | ||
| 942 |
_cBK _2ddc _h580.12 _iBHA/S _k580.12 _mBHA/S |
||